ENGINEERING PHYSICS (Record no. 10081)

MARC details
000 -LEADER
fixed length control field 00289nam a22001457a 4500
003 - CONTROL NUMBER IDENTIFIER
control field SGT
082 ## - DEWEY DECIMAL CLASSIFICATION NUMBER
Classification number RAG 530
100 ## - MAIN ENTRY--PERSONAL NAME
Personal name RAGHUVANSHI,G.S
245 ## - TITLE STATEMENT
Title ENGINEERING PHYSICS
250 ## - EDITION STATEMENT
Edition statement 3RD
260 ## - PUBLICATION, DISTRIBUTION, ETC. (IMPRINT)
Place of publication, distribution, etc NEW DELHI
Name of publisher, distributor, etc PHI
Year of Publication 2016
300 ## - PAGE DESCRIPTION
No. of Pages 540
650 ## - SUBJECT ADDED ENTRY--TOPICAL TERM
Topical term or geographic name as entry element PHYSICS
942 ## - ADDED ENTRY ELEMENTS (KOHA)
Source of classification or shelving scheme Dewey Decimal Classification
Koha item type FPS Books
Holdings
Withdrawn status Lost status Source of classification or shelving scheme Damaged status Not for loan Collection code Home library Current library Shelving location Date acquired Vendor Name Cost, normal purchase price SGTU Bill Number Total Checkouts Full call number Accession No. (Barcode) Date last seen Date last borrowed Bill Date Koha item type
    Dewey Decimal Classification     SCIENCE SGT Science & Social Sciences Library SGT Science & Social Sciences Library Text Book 01/12/2016 UNIVERSAL BOOKS 495.00 SGTU 377 1 RAG 530 PS3062 03/12/2018 01/12/2018 20/10/2016 FPS Books
    Dewey Decimal Classification     SCIENCE SGT Science & Social Sciences Library SGT Science & Social Sciences Library Text Book 01/12/2016 UNIVERSAL BOOKS 495.00 SGTU 377 3 RAG 530 PS3063 28/11/2017 22/11/2017 20/10/2016 FPS Books
    Dewey Decimal Classification     SCIENCE SGT Science & Social Sciences Library SGT Science & Social Sciences Library Text Book 01/12/2016 UNIVERSAL BOOKS 495.00 SGTU 377   RAG 530 PS3064 01/12/2016   20/10/2016 FPS Books